Introduction to Drawing practical easy steps to great (Record no. 241254)

MARC details
000 -LEADER
fixed length control field 00331pam a2200133 a 4500
020 ## - INTERNATIONAL STANDARD BOOK NUMBER
Terms of availability
041 ## - LANGUAGE CODE
Language code of original
082 ## - DEWEY DECIMAL CLASSIFICATION NUMBER
Classification number 743.028
Item number BAR
100 ## - MAIN ENTRY--PERSONAL NAME
Personal name Barringyon .
245 ## - TITLE STATEMENT
Title Introduction to Drawing practical easy steps to great
Medium Textual Documents
260 ## - PUBLICATION, DISTRIBUTION, ETC.
Place of publication, distribution, etc. [s.l]:
Name of publisher, distributor, etc. Arcturus ,
Date of publication, distribution, etc. 2015.
300 ## - PHYSICAL DESCRIPTION
Extent 128:
Other physical details paper.
930 ## - EQUIVALENCE OR CROSS-REFERENCE-UNIFORM TITLE HEADING [LOCAL, CANADA]
Uniform title 7464
Holdings
Withdrawn status Lost status Damaged status Not for loan Collection Home library Current library Date acquired Source of acquisition Cost, normal purchase price Total Checkouts Full call number Barcode Date last seen Copy number Price effective from Koha item type
          College of Fine Arts, Pune College of Fine Arts, Pune 26/02/2016 Bhararti Sahakari Grahak Bhandar 950.00   743.028 BAR FAP-8121 07/03/2023 1 07/03/2023 Book